00276nam a2200097Ia 4500001000800000005001700008008004100025020001800066245007500084260001900159127226220260417151425.0260417s9999 xx 000 0 und d a9786256495142 0aSeyit Onbaşı ve Yenilmez Okyanus ZırhlısıcBüşra Şen Altun bKetebe Çocuk